| 000 | 00463nam a2200121Ia 4500 | ||
|---|---|---|---|
| 008 | 200916s9999 xx 000 0 und d | ||
| 020 | _a978-971-9654-06-3 | ||
| 100 | _aPereda, Pedrito R. | ||
| 245 |
_cPedrito R. Pereda, Raymundo P. Arcega, Marissa B. Ferrer.-- _aHuman resource management / |
||
| 260 |
_aManila : _bUnlimited Books Library Services & Publishing Inc. _c2015 |
||
| 300 |
_axiv , 281 pages : _billustrations ; _c25 cm. |
||
| 650 | _aPersonnel management | ||
| 999 |
_c364263 _d364263 |
||